Nghiên cứu khả năng nối mạng và chuyển nước giữa các lưu vực sông trên địa bàn tỉnh Bình Thuận

Αποθηκεύτηκε σε:
Λεπτομέρειες βιβλιογραφικής εγγραφής
Κύριος συγγραφέας: Trần Thái Hùng
Άλλοι συγγραφείς: Nguyễn, Văn Lân
Μορφή: Βιβλίο
Γλώσσα:Undetermined
Θέματα:
Διαθέσιμο Online:http://lrc.tdmu.edu.vn/opac/search/detail.asp?aID=2&ID=26520
Ετικέτες: Προσθήκη ετικέτας
Δεν υπάρχουν, Καταχωρήστε ετικέτα πρώτοι!
Thư viện lưu trữ: Trung tâm Học liệu Trường Đại học Thủ Dầu Một
LEADER 00762nam a2200157Ia 4500
001 TDMU_26520
008 210410s9999 xx 000 0 und d
082 |a 697.73 
100 |a Trần Thái Hùng 
245 0 |a Nghiên cứu khả năng nối mạng và chuyển nước giữa các lưu vực sông trên địa bàn tỉnh Bình Thuận 
245 0 |c Trần, Thái Hùng, Nguyễn Văn Lân, Mai Chí 
300 |a Tr.36-43 
650 |a Khoa học công nghệ; Chuyển nước; Nối mạng; Lưu vực sông; Bình Thuận 
700 |a Nguyễn, Văn Lân 
856 |u http://lrc.tdmu.edu.vn/opac/search/detail.asp?aID=2&ID=26520 
980 |a Trung tâm Học liệu Trường Đại học Thủ Dầu Một